Engelsktalande länder - Statistics

General Stats
  • This quiz has been taken 202 times
  • The average score is 11 of 55
Answer Stats
Englelsk talande land % Correct
Förenade konungariket
83%
Kanada
65%
Irland
61%
Nya Zeeland
51%
Sydafrika
36%
Nigeria
30%
Jamaica
29%
Kenya
26%
Bahamas
25%
Fijiöarna
24%
Malta
24%
Nauru
22%
Barbados
21%
Samoa
21%
Ghana
20%
Marshallöarna
20%
Namibia
20%
Saint Lucia
20%
Singapore
20%
Tanzania
20%
Zimbabwe
20%
Kiribati
19%
Palau
19%
Saint Kitts och Nevis
19%
Tonga
19%
Trinidad och Tobago
19%
Tuvalu
19%
Zambia
19%
Botswana
18%
Gambia
18%
Saint Vincent och Grenadinen
18%
Vanuatu
18%
Antigua och Barbuda
17%
Pakistan
17%
Salomonöarna
16%
Grenada
15%
Lesotho
15%
Liberia
15%
Mikronesien
15%
Seychellerne
15%
Belize
14%
Kamerun
12%
Mauritius
12%
Sierra Leone
12%
Swaziland
12%
Uganda
12%
Dominica
11%
Guyana
11%
Malaysia
9%
Papua Nya Guinea
9%
Rwanda
9%
Eritrea
8%
Sydsudan
8%
Malawi
7%
Filippinerna
5%
No matching quizzes found
Score Distribution
Percent of People with Each Score
Percentile by Number Answered
Your Score History
You have not taken this quiz